000 00727nam a22001817a 4500
008 150310b xxu||||| |||| 00| 0 eng d
020 _a9780060750497
050 _aQB36.K4
100 _aConnor, James A.
_916124
245 _aKepler's witch
_ban astronomer's discovery of cosmic order amid religious war, political intrigue and the hersey trial of his mother
_c/by James A. Connor
260 _aNew York
_bHarper collins
_c2004
300 _axiii,402p. ;
_c24cm.
650 _aKepler, Johannes
_916125
650 _aKeplerin, Ketharina
_xTrials
_916126
650 _aTrials (witchcraft)
_xBaden
_xWusttemberg
_xHistory
_y17th century
_zGermany
_916127
700 _aPetra Sabin Jung (trans.)
_916128
942 _2lcc
_cMONOGRAPH
999 _c122378
_d122378